Every African Country Shape - Random Order - Statistics

General Stats
  • This quiz has been taken 82 times
  • The average score is 38 of 50
Answer Stats
Picture Answer % Correct
Egypt
94%
Libya
93%
Mali
92%
Morocco
90%
Namibia
90%
Madagascar
89%
Senegal
89%
Somalia
89%
South Africa
89%
Benin
87%
Gambia
86%
Chad
85%
Equatorial Guinea
85%
Cameroon
84%
Comoros
83%
Ethiopia
83%
Angola
82%
Cape Verde
82%
São Tomé and Príncipe
82%
Togo
82%
Mozambique
81%
Niger
81%
Malawi
80%
Mauritania
80%
Algeria
79%
Liberia
79%
Mauritius
79%
Seychelles
78%
Eritrea
77%
Rep. of the Congo
76%
Tunisia
76%
Zambia
76%
Ghana
74%
Guinea-Bissau
74%
D.R. Congo
73%
Central African Republic
72%
Eswatini
71%
Kenya
69%
Uganda
69%
Burkina Faso
68%
Burundi
68%
Lesotho
68%
Nigeria
68%
Sudan
67%
Zimbabwe
67%
Guinea
64%
Gabon
63%
South Sudan
62%
Botswana
61%
Djibouti
61%
Ivory Coast
61%
Tanzania
58%
Sierra Leone
56%
Rwanda
51%
No matching quizzes found
Score Distribution
Percent of People with Each Score
Percentile by Number Answered
Your Score History
You have not taken this quiz